000 00593nam a2200205 a 4500
005 20140310183402.0
008 121005s19uu xx 00 eng d
020 _a9789810697679
050 _aQA 76.73.J38
_b.D368 2010
100 _aDeitel, Paul
245 _aJAVA :
_bhow to program /
_cPaul Deitel, Harvey Deitel.
250 _a8th ed.
260 _aJurong, Singapore :
_bPearson Education South Asia,
_c2010.
300 _a1506 p. :
_c24 cm.
521 _aIT
650 _aJAVA ( computer program language )
700 _aDeitel, Harvey
942 _cBK
_2lcc
_kFOR
999 _c22345
_d22345